000 00213nam a2200097Ia 4500
005 20251222114347.0
008 251222s1900||||xx |||||||||||||| ||spa||
082 _aDVD0070/M23/2000
245 0 _aEl bola:
942 _cDVD
999 _c1104
_d1104